Normal view MARC view
  • United States

Entry Geographic Name

Number of records used in: 1

001 - CONTROL NUMBER

  • control field: 93801

003 - CONTROL NUMBER IDENTIFIER

  • control field: NUST

005 - DATE AND TIME OF LATEST TRANSACTION

  • control field: 20220719115450.0

008 - FIXED-LENGTH DATA ELEMENTS

  • fixed length control field: 220719|| aca||aabn | a|a d

040 ## - CATALOGING SOURCE

  • Original cataloging agency: NUST
  • Transcribing agency: NUST

151 ## - HEADING--GEOGRAPHIC NAME

  • Geographic name: United States
  • General subdivision: History
  • Chronological subdivision: Revolution, 1775-1783
  • Form subdivision: Biography

670 ## - SOURCE DATA FOUND

  • Source citation: Work cat.: (NUST)0: Duncan, Mike, 1980- author. 93796, Hero of two worlds :
© 2023 Central Library, National University of Sciences and Technology. All Rights Reserved.